[Event "Delkanda Inter Club-chT"]
[Site "Delkanda"]
[Date "2021.03.01"]
[Round "8.6"]
[White "Liaquath, Shiraz"]
[Black "Rathnayake, MAAH"]
[Result "0-1"]
[WhiteElo "1559"]
[BlackElo "1910"]
[PlyCount "64"]
[EventDate "2021.02.26"]
[EventType "team-tourn"]
[EventRounds "9"]
[EventCountry "SRI"]
[SourceTitle "EXT 2022"]
[Source "ChessBase"]
[SourceDate "2021.10.06"]
[SourceVersion "1"]
[SourceVersionDate "2021.10.06"]
[SourceQuality "1"]
[WhiteTeam "Kandy YMCA"]
[BlackTeam "Jayewardenepura Univ"]
[WhiteTeamCountry "SRI"]
[BlackTeamCountry "SRI"]

1. c4 e5 2. g3 Nc6 3. Bg2 f5 4. d3 Nf6 5. Nc3 Bb4 6. Bd2 Bxc3 7. Bxc3 d6 8. e3 0-0 9. Ne2 Be6 10. 0-0 Rb8 11. b3 d5 12. Rc1 Qe7 13. Qc2 Rfd8 14. Qb2 Bf7 15. Rfd1 Rd7 16. h3 Rbd8 17. Qc2 d4 18. exd4 exd4 19. Be1 Bh5 20. f3 Ne5 21. g4 fxg4 22. fxg4 Nexg4 23. hxg4 Nxg4 24. Bf2 Nxf2 25. Kxf2 Qe3+ 26. Ke1 Re7 27. Be4 Rxe4 28. dxe4 d3 29. Qd2 Qxe4 30. Rc3 Bxe2 31. Rxd3 Bxd1+ 32. Kxd1 Rxd3 0-1